جد يد يت ا و ر ا قبا ل (Record no. 171104)

MARC details
000 -LEADER
fixed length control field 00636nam a22001937a 4500
005 - DATE AND TIME OF LATEST TRANSACTION
control field 20200106170419.0
010 ## - LCCN (DPL NO)
LC control number A-842086
020 ## - INTERNATIONAL STANDARD BOOK NUMBER
Terms of availability 18.00
International Standard Book Number -
035 ## - SYSTEM CONTROL NUMBER
System control number A-842086
037 ## - SOURCE OF ACQUISITION
Source of stock number/acquisition DBAD/PUB
Stock number -
082 ## - DEWEY DECIMAL CLASSIFICATION NUMBER
Classification number 841.08
100 ## - MAIN ENTRY--PERSONAL NAME
Personal name آ ل ا حمد سر و ر
245 ## - TITLE STATEMENT
Title جد يد يت ا و ر ا قبا ل
Statement of responsibility, etc آ ل ا حمد سر و ر
246 ## - VARYING FORM OF TITLE
Remainder of title Jadeediat Aur Iqbal (Urdu)
Title proper/short title by Prof.Al Ahmed Saroor
260 ## - PUBLICATION, DISTRIBUTION, ETC. (IMPRINT)
Place of publication, distribution, etc Kashmir
Name of publisher, distributor, etc Iqbal Institute
Date of publication, distribution, etc 1985ء
270 ## - ADDRESS
Address Maktaba Jamia Ltd.Patodi House,Darya Ganj
City N.Delhi
Postal code 2
Telephone number -
Fax number -
300 ## - PHYSICAL DESCRIPTION
Extent 124 ص
Dimensions 22 Cm(Hb)
942 ## - ADDED ENTRY ELEMENTS (KOHA)
Source of classification or shelving scheme Dewey Decimal Classification
Item type Urdu Bks
Classification part 841.08
Call number suffix ا ق ب
Holdings
Withdrawn status Lost status Not for loan Collection code Home library Current library Date acquired Source of acquisition Cost, normal purchase price Full call number Barcode Copy number Cost, replacement price Koha item type
      Non-fiction Central Library Central Library 06/01/2020 BPPD/Ven. 18.00 841.08 ا ق ب A-842086 1 18.00 Urdu Bks

© Delhi Public Library
Hit Counter
free hit counter